000 00309nam a22001337a 4500
008 170926b xxu||||| |||| 00| 0 eng d
020 _a9781878380845
041 _aeng
080 _a37
100 _a46
101 _aEDU
245 _aCREATING LEARNING CENTERD CLASSROOMS
_cKINZIE.J
942 _2udc
_cBK
999 _c29875
_d29875